Biggest U.S. Cities Starting With C - With a Map - Statistics

General Stats
  • This quiz has been taken 139 times
  • The average score is 15 of 25
Answers on the Map
Answers color-coded by a green-red scale on the quiz's map according to % correct below.
 
Answer Stats
Population Answer % Correct
2,746,352 Chicago
99%
874,607 Charlotte
96%
905,839 Columbus
96%
206,922 Columbus
96%
372,632 Cleveland
93%
309,561 Cincinnati
92%
479,016 Colorado Springs
87%
150,288 Charleston
81%
136,803 Columbia
74%
126,233 Columbia
74%
317,863 Corpus Christi
74%
249,415 Chesapeake
65%
181,057 Chattanooga
63%
276,010 Chandler
59%
275,500 Chula Vista
56%
137,723 Cedar Rapids
55%
193,994 Cape Coral
54%
166,739 Clarksville
44%
174,763 Cary
32%
133,432 Carrollton
28%
120,523 College Station
26%
134,396 Coral Springs
25%
157,154 Corona
25%
125,411 Concord
21%
120,160 Clovis
13%
No matching quizzes found
Score Distribution
Percent of People with Each Score
Percentile by Number Answered
Your Score History
You have not taken this quiz